Times da NFL - Statistics

Estatísticas Gerais
  • Esse quiz foi jogado 70 vezes
  • A pontuação média é 25 de 32
Estatísticas das Respostas
Imagem Resposta % Correto
New England Patriots
98%
New York Jets
98%
Dallas Cowboys
93%
Las Vegas Raiders
93%
Miami Dolphins
93%
Philadelphia Eagles
89%
Pittsburgh Steelers
89%
Buffalo Bills
86%
New York Giants
84%
Cincinnati Bengals
80%
Los Angeles Rams
80%
Atlanta Falcons
79%
Green Bay Packers
79%
Arizona Cardinals
77%
Detroit Lions
77%
Kansas City Chiefs
77%
Baltimore Ravens
75%
San Francisco 49ers
75%
Jacksonville Jaguars
73%
Los Angeles Chargers
73%
Carolina Panthers
71%
Denver Broncos
71%
Washington Commanders
71%
Tennessee Titans
70%
Minnesota Vikings
68%
Houston Texans
66%
Indianapolis Colts
66%
New Orleans Saints
66%
Chicago Bears
64%
Cleveland Browns
64%
Seattle Seahawks
64%
Tampa Bay Buccaneers
64%
Nenhum quiz correspondente encontrado
Distribuição das Pontuações
Porcentagem de Pessoas com Cada Pontuação
Percentil de Números Respondidos
Sua Pontuação Histórica
Você não jogou esse quiz